Did God appear in the flesh? / (Record no. 5987)
[ view plain ]
| 000 -LEADER | |
|---|---|
| fixed length control field | 00530nam a22001937a 4500 |
| 003 - CONTROL NUMBER IDENTIFIER | |
| control field | GBCCL |
| 005 - DATE AND TIME OF LATEST TRANSACTION | |
| control field | 20241126110553.0 |
| 008 - FIXED-LENGTH DATA ELEMENTS--GENERAL INFORMATION | |
| fixed length control field | 180419b ||||| |||| 00| 0 eng d |
| 040 ## - CATALOGING SOURCE | |
| Transcribing agency | gbc |
| 082 ## - DEWEY DECIMAL CLASSIFICATION NUMBER | |
| Classification number | 261.27 |
| Item number | JAD |
| 100 ## - MAIN ENTRY--PERSONAL NAME | |
| Personal name | Jadeed, Iskandar |
| 9 (RLIN) | 10801 |
| 245 ## - TITLE STATEMENT | |
| Title | Did God appear in the flesh? / |
| Statement of responsibility, etc. | Iskandar Jadeed |
| 250 ## - EDITION STATEMENT | |
| Edition statement | 5th ed. |
| 260 ## - PUBLICATION, DISTRIBUTION, ETC. | |
| Place of publication, distribution, etc. | Switzerland: |
| Name of publisher, distributor, etc. | Goodway |
| 300 ## - PHYSICAL DESCRIPTION | |
| Extent | 48 p.; |
| Dimensions | 16 cm. |
| 650 ## - SUBJECT ADDED ENTRY--TOPICAL TERM | |
| Topical term or geographic name entry element | Jesus Christ |
| Form subdivision | Humanity |
| 9 (RLIN) | 10802 |
| 650 ## - SUBJECT ADDED ENTRY--TOPICAL TERM | |
| Topical term or geographic name entry element | Christianity and other religions |
| General subdivision | Islam |
| 9 (RLIN) | 1068 |
| 942 ## - ADDED ENTRY ELEMENTS (KOHA) | |
| Source of classification or shelving scheme | Dewey Decimal Classification |
| Koha item type | Books |
| Withdrawn status | Lost status | Source of classification or shelving scheme | Damaged status | Not for loan | Home library | Current Library | Shelving location | Date acquired | Total checkouts | Full call number | Barcode | Date last seen | Copy number | Price effective from | Koha item type |
|---|---|---|---|---|---|---|---|---|---|---|---|---|---|---|---|
| Dewey Decimal Classification | GRACE BIBLE COLLEGE | GRACE BIBLE COLLEGE | Ministry & Mission | 2018-04-19 | 261.27 JAD | 002017 | 2025-05-01 | c.1 | 2018-04-19 | Books | |||||
| Dewey Decimal Classification | GRACE BIBLE COLLEGE | GRACE BIBLE COLLEGE | Ministry & Mission | 2018-04-19 | 261.27 JAD | 002150 | 2025-05-01 | c.2 | 2018-04-19 | Books | |||||
| Dewey Decimal Classification | GRACE BIBLE COLLEGE | GRACE BIBLE COLLEGE | Ministry & Mission | 2018-04-19 | 261.27 JAD | 002151 | 2025-05-01 | c.3 | 2018-04-19 | Books |